[Event "CZE National Open 2020"]
[Site "Kouty nad Desnou"]
[Date "2020.03.07"]
[Round "1.1"]
[White "Rauchlahner, Robert Jun."]
[Black "Slepankova, Radka"]
[Result "0-1"]
[WhiteElo "1901"]
[BlackElo "1953"]
[Annotator "TA"]
[PlyCount "110"]
[EventDate "2020.03.07"]
[EventCountry "CZE"]
[SourceTitle "playchess.com"]
[Source "ChessBase"]
[SourceQuality "1"]

{[%evp 13,110,10,24,-5,3,-18,44,29,93,8,10,0,3,-12,0,-16,-20,-16,-16,-36,-15,-39,-6,-38,-39,-33,-30,-25,0,-26,28,-51,-44,-147,-4,-40,38,25,25,21,29,24,24,29,20,17,38,13,23,8,8,0,8,-55,-80,-234,-241,-604,-566,-701,-429,-572,-572,-497,-168,-416,-8,-22,8,67,524,483,476,456,601,206,652,-12822,-11279,-11272,-12817,-12831,-6099,-12825,-11272,-10007,-7034,-6299,-6299,-5423,-5041,-3445,-2325,-1786,-1639,-29943,-11272,-29989,-29990]} 1. e4 c5 2. Nf3 Nc6 3. Bb5 e6 4. O-O Nge7 5. c3 a6 6. Ba4 b5 7. Bc2 d5 8. exd5 {B30: Sicilian: 2...Nc6 3 Bb5, lines without ...g6.} Nxd5 9. d4 c4 {[#]} (9... cxd4 $11 10. Nxd4 Bb7) 10. Re1 $146 {White is slightly better.} ({Predecessor:} 10. b3 cxb3 11. axb3 Be7 12. c4 bxc4 13. bxc4 Ndb4 14. Be4 O-O 15. Nc3 f5 16. Bxc6 Nxc6 {½-½ (40) Trbojevic,M (2369)-Jelen,I (2430) Otocec 2015}) 10... g6 (10... Be7 $11) 11. Ne5 (11. b3 $16) 11... Nxe5 $11 12. dxe5 Bg7 13. Be4 Rb8 14. Bxd5 (14. Nd2 {keeps more tension.} O-O 15. Nf3 Qc7 16. h4 h5 17. Bg5) 14... Qxd5 15. Qxd5 exd5 16. Bf4 Be6 17. Nd2 O-O 18. Nf3 b4 19. Nd4 bxc3 20. bxc3 Rb2 21. a4 Bf5 (21... Rfb8 $142) 22. Nc6 (22. Nxf5 $11 gxf5 23. Rad1) 22... Re8 $15 23. Nb4 {[#]} ({White should play} 23. Nd4 $15) 23... g5 ({Black should try} 23... d4 $1 $17 {[%mdl 512]} 24. Nd5 (24. cxd4 Rxb4) 24... d3) 24. Bxg5 (24. Bc1 $5 {[%cal Rc1b2]} Rxb4 25. cxb4 $11) 24... Rxe5 (24... d4 $1 $15) 25. Rxe5 Bxe5 26. Nxd5 Be6 27. Bf6 Bxf6 28. Nxf6+ $11 {[%mdl 4096] Endgame KRB-KRN} Kg7 29. Ne8+ Kg6 30. Nc7 a5 31. Nxe6 fxe6 {KR-KR} 32. Kf1 Rc2 33. Ra3 (33. Re1 $11) 33... Kf5 $15 {[%mdl 1024] Black has compensation.} 34. h3 $2 {[#]} (34. Ra1 $17) 34... Ke4 $1 $19 35. h4 $2 (35. Ra1 Kd3 36. Rb1) 35... Kd3 {[%cal Rc2c1]} 36. g4 Rc1+ 37. Kg2 Kc2 {White must now prevent ...Kb2.} 38. Ra2+ Kb3 $2 (38... Kxc3 39. h5 Re1) 39. Re2 $2 (39. Rd2 {only move.} Rxc3 40. Rd7) 39... Kxa4 $2 ({Better is} 39... Rxc3 $19 40. Rxe6 Rd3) 40. Rxe6 {Strongly threatening Re7.} Kb3 {...a4 is the strong threat.} 41. g5 (41. Re7 $11 a4 42. g5) 41... Rxc3 $2 {[%mdl 8192]} (41... a4 $14 42. Rh6 a3 43. Rxh7 a2) 42. Re7 Rd3 {Hoping for ...c3.} 43. Rxh7 c3 {aiming for ...c2.} 44. g6 $2 (44. Rb7+ Ka2 45. g6) 44... c2 $2 (44... Rd4) 45. g7 $4 {[%mdl 8192]} (45. Rb7+ $18 Ka3 46. Rc7) 45... Rd8 46. Rh8 c1=Q {( -> ...Qc6+)} 47. Rxd8 {KQ-KR} Qc6+ 48. Kf1 Qa6+ 49. Ke1 Qe6+ 50. Kf1 Qc4+ 51. Ke1 Qc3+ 52. Kf1 Qxg7 53. Rb8+ Ka3 54. f4 {[#]} Qg4 $1 55. h5 Qxf4+ {[%mdl 64] Double Attack. Accuracy: White = 39%, Black = 54%.} 0-1

[Event "CZE National Open 2020"]
[Site "Kouty nad Desnou"]
[Date "2020.03.07"]
[Round "1.2"]
[White "Klabenes, Petr"]
[Black "Pesek, Martin Jakub"]
[Result "1-0"]
[WhiteElo "1672"]
[BlackElo "1166"]
[Annotator "NA RC"]
[PlyCount "45"]
[EventDate "2020.03.07"]
[EventCountry "CZE"]
[SourceTitle "playchess.com"]
[Source "ChessBase"]
[SourceQuality "1"]
[TimeControl "5400+30"]

1. e4 {[%emt 0:00:00]} e5 {[%emt 0:00:00]} 2. f4 {[%emt 0:00:00]} exf4 {[%emt 0:00:00]} 3. Nf3 {[%emt 0:00:00]} d6 {[%emt 0:01:33]} 4. d4 {[%emt 0:00:12]} Nf6 {[%emt 0:00:58]} 5. Nc3 {[%emt 0:00:15]} Nc6 {[%emt 0:00:36]} 6. Bxf4 {[%emt 0:00:31]} Bg4 {[%emt 0:01:11]} 7. Bb5 {[%emt 0:00:59]} Qd7 {[%emt 0:05:08]} 8. d5 {[%emt 0:01:24]} Be7 {[%emt 0:00:52]} 9. dxc6 {[%emt 0:00:22]} bxc6 {[%emt 0:00:16]} 10. Bd3 {[%emt 0:00:30]} O-O {[%emt 0:00:36]} 11. O-O {[%emt 0:00:11]} c5 {[%emt 0:01:39]} 12. Qe1 {[%emt 0:00:53]} Be6 {[%emt 0:00:52]} 13. e5 {[%emt 0:01:14]} Nd5 {[%emt 0:01:12]} 14. Nxd5 {[%emt 0:00:42]} Bxd5 {[%emt 0:00:26]} 15. c4 {[%emt 0:01:01]} Bb7 {[%emt 0:01:04]} 16. Be4 {[%emt 0:01:13]} Bxe4 {[%emt 0:01:45]} 17. Qxe4 {[%emt 0:00:10]} f5 {[%emt 0:00:15]} 18. Qd5+ {[%emt 0:01:04]} Rf7 {[%emt 0:00:02]} 19. e6 {[%emt 0:00:00]} Qc8 {[%emt 0:03:00]} 20. exf7+ {[%emt 0:00:18]} Kf8 {[%emt 0:00:20]} 21. Bg5 {[%emt 0:01:08]} Bxg5 {[%emt 0:02:34]} 22. Nxg5 {[%emt 0:00:13]} Ke7 {[%emt 0:00:33]} 23. Rae1+ {[%emt 0:00:23]} 1-0

[Event "CZE National Open 2020"]
[Site "Kouty nad Desnou"]
[Date "2020.03.07"]
[Round "1.3"]
[White "Bouska, Jonas"]
[Black "Svacina, Tobias"]
[Result "0-1"]
[WhiteElo "1145"]
[BlackElo "1601"]
[Annotator "NA RC"]
[PlyCount "38"]
[EventDate "2020.03.07"]
[EventCountry "CZE"]
[SourceTitle "playchess.com"]
[Source "ChessBase"]
[SourceQuality "1"]
[TimeControl "5400+30"]

1. e4 {[%emt 0:00:00]} e5 {[%emt 0:00:00]} 2. Nf3 {[%emt 0:00:00]} Nc6 {[%emt 0:00:13]} 3. Nc3 {[%emt 0:00:03]} Nf6 {[%emt 0:01:12]} 4. Bc4 {[%emt 0:00:27]} Nxe4 {[%emt 0:02:19]} 5. O-O {[%emt 0:06:07]} Nxc3 {[%emt 0:03:32]} 6. bxc3 {[%emt 0:00:38]} d5 {[%emt 0:05:44]} 7. Bb3 {[%emt 0:02:03]} Be6 {[%emt 0:06:08]} 8. d4 {[%emt 0:05:08]} Bd6 {[%emt 0:07:37]} 9. Ba4 {[%emt 0:09:53]} Qf6 {[%emt 0:04:55]} 10. Be3 {[%emt 0:05:44]} O-O {[%emt 0:07:10]} 11. Re1 {[%emt 0:14:02]} e4 {[%emt 0:02:35]} 12. Nd2 {[%emt 0:10:04]} Qh4 {[%emt 0:02:48]} 13. g3 {[%emt 0:04:30]} Qh3 {[%emt 0:01:51]} 14. Qe2 {[%emt 0:06:48]} Bg4 {[%emt 0:04:17]} 15. Qf1 {[%emt 0:00:55]} Qh5 {[%emt 0:00:08]} 16. Bxc6 {[%emt 0:00:24]} bxc6 {[%emt 0:00:07]} 17. Rab1 {[%emt 0:01:31]} f5 {[%emt 0:01:36]} 18. f4 {[%emt 0:01:40]} exf3 {[%emt 0:00:40]} 19. Nxf3 {[%emt 0:08:08]} Bxf3 {[%emt 0:00:41]} 0-1

[Event "CZE National Open 2020"]
[Site "Kouty nad Desnou"]
[Date "2020.03.07"]
[Round "1.4"]
[White "Zaza, Martin"]
[Black "Veverka, Max"]
[Result "1-0"]
[WhiteElo "1574"]
[BlackElo "1117"]
[Annotator "NA RC"]
[PlyCount "78"]
[EventDate "2020.03.07"]
[EventCountry "CZE"]
[SourceTitle "playchess.com"]
[Source "ChessBase"]
[SourceQuality "1"]
[TimeControl "5400+30"]

1. e4 {[%emt 0:00:00]} e5 {[%emt 0:00:00]} 2. Nf3 {[%emt 0:00:08]} Nc6 {[%emt 0:00:00]} 3. Bc4 {[%emt 0:00:06]} Nf6 {[%emt 0:00:02]} 4. d3 {[%emt 0:00:11]} d5 {[%emt 0:00:35]} 5. exd5 {[%emt 0:00:26]} Nxd5 {[%emt 0:00:09]} 6. O-O {[%emt 0:02:39]} Be6 {[%emt 0:00:37]} 7. Re1 {[%emt 0:01:03]} Bd6 {[%emt 0:01:04]} 8. Bb5 {[%emt 0:01:26]} Qf6 {[%emt 0:01:22]} 9. Nbd2 {[%emt 0:03:44]} Nb6 {[%emt 0:02:15]} 10. Ne4 {[%emt 0:02:59]} Qf5 {[%emt 0:01:03]} 11. Ng3 {[%emt 0:00:19]} Qf6 {[%emt 0:02:33]} 12. Bg5 {[%emt 0:02:31]} Qg6 {[%emt 0:00:44]} 13. Qc1 {[%emt 0:01:51]} f6 {[%emt 0:00:51]} 14. Bd2 {[%emt 0:00:52]} O-O {[%emt 0:01:59]} 15. Bxc6 {[%emt 0:10:40]} bxc6 {[%emt 0:00:30]} 16. Kh1 {[%emt 0:00:12]} Bd5 {[%emt 0:10:05]} 17. Nh4 {[%emt 0:05:45]} Qg4 {[%emt 0:04:39]} 18. Nhf5 {[%emt 0:00:17]} Be6 {[%emt 0:04:01]} 19. h3 {[%emt 0:02:40]} Qg6 {[%emt 0:00:43]} 20. Nh4 {[%emt 0:06:01]} Qf7 {[%emt 0:01:26]} 21. Ngf5 {[%emt 0:02:10]} Qh5 {[%emt 0:01:43]} 22. Qd1 {[%emt 0:04:14]} Qf7 {[%emt 0:01:13]} 23. Qf3 {[%emt 0:04:35]} g5 {[%emt 0:02:22]} 24. Nh6+ {[%emt 0:00:07]} Kg7 {[%emt 0:01:20]} 25. Nxf7 {[%emt 0:00:59]} Rxf7 {[%emt 0:01:14]} 26. Nf5+ {[%emt 0:00:07]} Bxf5 {[%emt 0:00:20]} 27. Qxf5 {[%emt 0:00:04]} h6 {[%emt 0:03:22]} 28. h4 {[%emt 0:02:20]} Rd8 {[%emt 0:02:42]} 29. h5 {[%emt 0:00:10]} Kf8 {[%emt 0:00:24]} 30. Qg6 {[%emt 0:00:25]} Rg7 {[%emt 0:00:59]} 31. Qxf6+ {[%emt 0:00:24]} Rf7 {[%emt 0:00:19]} 32. Qxh6+ {[%emt 0:00:06]} Ke8 {[%emt 0:00:32]} 33. Bxg5 {[%emt 0:00:16]} Be7 {[%emt 0:00:43]} 34. Rxe5 {[%emt 0:00:14]} Rd7 {[%emt 0:00:53]} 35. Rae1 {[%emt 0:00:41]} Nc8 {[%emt 0:00:51]} 36. Qg6 {[%emt 0:00:56]} a6 {[%emt 0:00:40]} 37. Bh6 {[%emt 0:00:15]} a5 {[%emt 0:00:32]} 38. Qg8+ {[%emt 0:00:28]} Rf8 {[%emt 0:00:12]} 39. Qh8 Rxh8 1-0

[Event "CZE National Open 2020"]
[Site "Kouty nad Desnou"]
[Date "2020.03.07"]
[Round "1.5"]
[White "Pejcha, Ivos"]
[Black "Cizek, Jan"]
[Result "0-1"]
[WhiteElo "1099"]
[BlackElo "1566"]
[Annotator "NA RC"]
[PlyCount "95"]
[EventDate "2020.03.07"]
[EventCountry "CZE"]
[SourceTitle "playchess.com"]
[Source "ChessBase"]
[SourceQuality "1"]
[TimeControl "5400+30"]

1. e4 {[%emt 0:00:00]} e5 {[%emt 0:00:04]} 2. Nf3 {[%emt 0:00:36]} Nc6 {[%emt 0:00:16]} 3. Bc4 {[%emt 0:01:02]} Bc5 {[%emt 0:00:23]} 4. c3 {[%emt 0:01:14]} Nf6 {[%emt 0:00:09]} 5. d4 {[%emt 0:00:52]} exd4 {[%emt 0:00:19]} 6. cxd4 {[%emt 0:00:36]} Bb4+ {[%emt 0:00:08]} 7. Bd2 {[%emt 0:00:57]} Bxd2+ {[%emt 0:00:10]} 8. Nbxd2 {[%emt 0:00:55]} d5 {[%emt 0:00:43]} 9. exd5 {[%emt 0:01:13]} Nxd5 {[%emt 0:00:09]} 10. O-O {[%emt 0:01:16]} O-O {[%emt 0:01:50]} 11. Re1 {[%emt 0:01:25]} Bg4 {[%emt 0:03:44]} 12. Qb3 {[%emt 0:01:56]} Na5 {[%emt 0:00:35]} 13. Qa4 {[%emt 0:03:05]} Nxc4 {[%emt 0:02:00]} 14. Qxc4 {[%emt 0:01:43]} c6 {[%emt 0:01:24]} 15. Rad1 {[%emt 0:01:40]} Qb6 {[%emt 0:03:22]} 16. b3 {[%emt 0:03:12]} Rfe8 {[%emt 0:01:01]} 17. Rxe8+ {[%emt 0:02:34]} Rxe8 {[%emt 0:00:08]} 18. Re1 {[%emt 0:01:54]} Rxe1+ {[%emt 0:00:40]} 19. Nxe1 {[%emt 0:00:15]} Qa5 {[%emt 0:01:22]} 20. Qc2 {[%emt 0:02:30]} g6 {[%emt 0:03:53]} 21. h3 {[%emt 0:02:16]} Bf5 {[%emt 0:01:40]} 22. Qb2 {[%emt 0:01:21]} Qc3 {[%emt 0:01:51]} 23. Qxc3 {[%emt 0:01:41]} Nxc3 {[%emt 0:00:09]} 24. a4 {[%emt 0:01:36]} Ne2+ {[%emt 0:00:07]} 25. Kf1 {[%emt 0:00:56]} Nxd4 {[%emt 0:00:08]} 26. Nef3 {[%emt 0:01:27]} Nxf3 {[%emt 0:00:54]} 27. Nxf3 {[%emt 0:00:12]} Bc2 {[%emt 0:00:29]} 28. Nd4 {[%emt 0:00:49]} Bd3+ {[%emt 0:00:15]} 29. Ke1 {[%emt 0:00:40]} c5 {[%emt 0:00:19]} 30. Ne2 {[%emt 0:00:58]} Kf8 {[%emt 0:02:58]} 31. Kd2 {[%emt 0:01:02]} Bxe2 {[%emt 0:00:17]} 32. Kxe2 {[%emt 0:00:08]} Ke7 {[%emt 0:00:02]} 33. Kd3 {[%emt 0:00:31]} Kd6 {[%emt 0:00:10]} 34. Kc4 {[%emt 0:00:54]} Kc6 {[%emt 0:00:14]} 35. g3 {[%emt 0:00:47]} b6 {[%emt 0:00:09]} 36. h4 {[%emt 0:00:17]} a6 {[%emt 0:00:19]} 37. Kc3 {[%emt 0:00:35]} Kd5 {[%emt 0:00:09]} 38. Kd3 {[%emt 0:00:26]} b5 {[%emt 0:00:06]} 39. axb5 {[%emt 0:00:27]} axb5 {[%emt 0:00:06]} 40. f3 {[%emt 0:00:17]} c4+ {[%emt 0:00:22]} 41. bxc4+ {[%emt 0:00:16]} bxc4+ {[%emt 0:00:05]} 42. Kd2 {[%emt 0:00:35]} Kd4 {[%emt 0:00:09]} 43. g4 {[%emt 0:00:36]} c3+ {[%emt 0:00:07]} 44. Kc2 {[%emt 0:00:23]} Ke3 {[%emt 0:00:14]} 45. Kxc3 {[%emt 0:00:12]} Kxf3 {[%emt 0:00:06]} 46. Kd4 {[%emt 0:00:16]} Kxg4 {[%emt 0:00:06]} 47. Ke5 {[%emt 0:00:18]} f5 {[%emt 0:00:09]} 48. Kd4 0-1

[Event "CZE National Open 2020"]
[Site "Kouty nad Desnou"]
[Date "2020.03.07"]
[Round "1.6"]
[White "Vyhnalek, Jan"]
[Black "Vondra, Filip"]
[Result "1-0"]
[WhiteElo "1528"]
[BlackElo "1072"]
[Annotator "NA RC"]
[PlyCount "33"]
[EventDate "2020.03.07"]
[EventCountry "CZE"]
[SourceTitle "playchess.com"]
[Source "ChessBase"]
[SourceQuality "1"]
[TimeControl "5400+30"]

1. d4 {[%emt 0:00:00]} d5 {[%emt 0:00:31]} 2. Nf3 {[%emt 0:00:02]} Nc6 {[%emt 0:02:00]} 3. Bf4 {[%emt 0:01:26]} Bf5 {[%emt 0:02:30]} 4. e3 {[%emt 0:00:55]} e6 {[%emt 0:03:27]} 5. Bd3 {[%emt 0:03:21]} Bg4 {[%emt 0:04:12]} 6. O-O {[%emt 0:00:46]} Nf6 {[%emt 0:01:31]} 7. Nbd2 {[%emt 0:01:09]} Bd6 {[%emt 0:06:50]} 8. Bxd6 {[%emt 0:01:03]} Qxd6 {[%emt 0:00:25]} 9. h3 {[%emt 0:00:14]} Bh5 {[%emt 0:01:51]} 10. c4 {[%emt 0:01:54]} dxc4 {[%emt 0:02:38]} 11. Bxc4 {[%emt 0:03:26]} e5 {[%emt 0:01:13]} 12. dxe5 {[%emt 0:02:56]} Nxe5 {[%emt 0:00:24]} 13. Qa4+ {[%emt 0:03:11]} c6 {[%emt 0:01:41]} 14. Nxe5 {[%emt 0:04:09]} Qxe5 {[%emt 0:00:59]} 15. Qc2 {[%emt 0:01:02]} Qc5 {[%emt 0:00:37]} 16. Bxf7+ {[%emt 0:01:36]} Bxf7 {[%emt 0:00:45]} 17. Qxc5 {[%emt 0:00:06]} 1-0

[Event "CZE National Open 2020"]
[Site "Kouty nad Desnou"]
[Date "2020.03.07"]
[Round "1.7"]
[White "Zezula, Matej"]
[Black "Steinbauer, Sebastian"]
[Result "0-1"]
[WhiteElo "1062"]
[BlackElo "1527"]
[Annotator "NA RC"]
[PlyCount "117"]
[EventDate "2020.03.07"]
[EventCountry "CZE"]
[SourceTitle "playchess.com"]
[Source "ChessBase"]
[SourceQuality "1"]
[TimeControl "5400+30"]

1. e4 {[%emt 0:00:00]} e5 {[%emt 0:00:00]} 2. f4 {[%emt 0:00:00]} exf4 {[%emt 0:00:10]} 3. Nf3 {[%emt 0:00:00]} Nf6 {[%emt 0:00:43]} 4. Nc3 {[%emt 0:00:14]} Bb4 {[%emt 0:01:27]} 5. e5 {[%emt 0:01:27]} Qe7 {[%emt 0:02:26]} 6. Bc4 {[%emt 0:01:22]} Ng4 {[%emt 0:04:09]} 7. d4 {[%emt 0:03:52]} g5 {[%emt 0:04:59]} 8. O-O {[%emt 0:01:38]} Bxc3 {[%emt 0:02:26]} 9. bxc3 {[%emt 0:00:41]} b6 {[%emt 0:10:43]} 10. d5 {[%emt 0:06:53]} Qc5+ {[%emt 0:05:36]} 11. Qd4 {[%emt 0:02:42]} Qxd4+ {[%emt 0:00:16]} 12. Nxd4 {[%emt 0:00:35]} Nxe5 {[%emt 0:01:45]} 13. Re1 {[%emt 0:00:46]} d6 {[%emt 0:00:21]} 14. Nf3 {[%emt 0:01:29]} f6 {[%emt 0:00:32]} 15. Nxe5 {[%emt 0:02:02]} fxe5 {[%emt 0:00:42]} 16. Ba3 {[%emt 0:02:33]} Ba6 {[%emt 0:01:14]} 17. Bb3 {[%emt 0:01:44]} Nd7 {[%emt 0:02:00]} 18. Rad1 {[%emt 0:07:31]} O-O-O {[%emt 0:02:39]} 19. Bb4 {[%emt 0:03:05]} Nf6 {[%emt 0:02:19]} 20. h3 {[%emt 0:02:38]} h5 {[%emt 0:00:33]} 21. a4 {[%emt 0:00:54]} g4 {[%emt 0:00:43]} 22. h4 {[%emt 0:01:05]} g3 {[%emt 0:01:01]} 23. c4 {[%emt 0:01:40]} Ng4 {[%emt 0:03:29]} 24. a5 Ne3 {[%emt 0:01:04]} 25. Ra1 {[%emt 0:02:34]} Kb7 {[%emt 0:02:55]} 26. axb6 {[%emt 0:00:53]} cxb6 {[%emt 0:01:03]} 27. Bd2 {[%emt 0:04:02]} Nxc4 {[%emt 0:03:13]} 28. Bxc4 {[%emt 0:00:47]} Bxc4 {[%emt 0:00:24]} 29. Re4 {[%emt 0:00:42]} Bxd5 {[%emt 0:00:56]} 30. Rea4 {[%emt 0:00:45]} Ra8 {[%emt 0:00:35]} 31. Bb4 {[%emt 0:01:47]} Rhd8 {[%emt 0:00:57]} 32. Rd1 {[%emt 0:01:20]} Bc6 {[%emt 0:00:13]} 33. Ra3 {[%emt 0:00:19]} Kc7 {[%emt 0:01:00]} 34. Rad3 {[%emt 0:00:53]} d5 {[%emt 0:00:46]} 35. Re1 {[%emt 0:02:02]} e4 {[%emt 0:01:05]} 36. Rd4 {[%emt 0:00:34]} Rd7 {[%emt 0:00:41]} 37. Rf1 {[%emt 0:00:57]} Rf7 {[%emt 0:00:36]} 38. Be1 {[%emt 0:01:01]} Bb5 {[%emt 0:00:33]} 39. Rxf4 {[%emt 0:01:00]} Rxf4 {[%emt 0:00:14]} 40. Bxg3 {[%emt 0:00:11]} Kc6 {[%emt 0:00:31]} 41. Bxf4 {[%emt 0:00:33]} a5 {[%emt 0:00:18]} 42. Rd1 {[%emt 0:00:52]} a4 {[%emt 0:00:13]} 43. Ra1 {[%emt 0:00:31]} a3 {[%emt 0:00:06]} 44. Be5 {[%emt 0:00:22]} Kc5 {[%emt 0:00:37]} 45. Kf2 {[%emt 0:00:57]} d4 {[%emt 0:00:17]} 46. c3 {[%emt 0:02:02]} dxc3 {[%emt 0:01:07]} 47. Bxc3 {[%emt 0:00:29]} Bd3 {[%emt 0:00:07]} 48. Ke3 {[%emt 0:01:16]} b5 {[%emt 0:01:14]} 49. Bf6 {[%emt 0:03:14]} b4 {[%emt 0:00:27]} 50. Be7+ {[%emt 0:02:55]} Kc4 {[%emt 0:00:15]} 51. Bf6 {[%emt 0:00:44]} Kb3 {[%emt 0:00:21]} 52. Bd4 {[%emt 0:00:37]} a2 {[%emt 0:00:35]} 53. Kd2 {[%emt 0:04:32]} Bb1 {[%emt 0:00:33]} 54. g3 {[%emt 0:00:55]} Rd8 {[%emt 0:00:07]} 55. Ke3 {[%emt 0:00:52]} Rxd4 {[%emt 0:00:12]} 56. Kxd4 {[%emt 0:00:40]} Kb2 {[%emt 0:00:07]} 57. Rxa2+ {[%emt 0:00:28]} Kxa2 58. Ke5 {[%emt 0:00:34]} b3 {[%emt 0:00:18]} 59. Kd4 0-1

[Event "CZE National Open 2020"]
[Site "Kouty nad Desnou"]
[Date "2020.03.07"]
[Round "1.8"]
[White "Cipl, Jan"]
[Black "Langova, Hana"]
[Result "1-0"]
[WhiteElo "1526"]
[BlackElo "1050"]
[Annotator "NA RC"]
[PlyCount "55"]
[EventDate "2020.03.07"]
[EventCountry "CZE"]
[SourceTitle "playchess.com"]
[Source "ChessBase"]
[SourceQuality "1"]
[TimeControl "5400+30"]

1. e4 {[%emt 0:00:06]} e6 {[%emt 0:00:11]} 2. d4 {[%emt 0:01:02]} d5 {[%emt 0:00:57]} 3. exd5 {[%emt 0:01:20]} exd5 {[%emt 0:00:46]} 4. Nf3 {[%emt 0:01:42]} Nc6 {[%emt 0:01:42]} 5. c4 {[%emt 0:02:00]} Nf6 {[%emt 0:01:40]} 6. Nc3 {[%emt 0:01:45]} dxc4 {[%emt 0:03:35]} 7. Bxc4 {[%emt 0:02:44]} Na5 {[%emt 0:04:06]} 8. Bb5+ {[%emt 0:06:15]} Bd7 {[%emt 0:01:33]} 9. Bf4 {[%emt 0:02:36]} Bd6 {[%emt 0:00:50]} 10. Qe2+ {[%emt 0:02:46]} Qe7 {[%emt 0:00:24]} 11. Qxe7+ {[%emt 0:03:59]} Kxe7 {[%emt 0:00:39]} 12. Bxd6+ {[%emt 0:03:12]} Kxd6 {[%emt 0:00:26]} 13. O-O-O {[%emt 0:05:58]} c6 {[%emt 0:02:16]} 14. Bd3 {[%emt 0:02:30]} b5 {[%emt 0:01:22]} 15. Ng5 {[%emt 0:05:44]} Be6 {[%emt 0:01:18]} 16. d5 {[%emt 0:05:05]} b4 {[%emt 0:01:03]} 17. dxe6 {[%emt 0:04:35]} bxc3 {[%emt 0:00:25]} 18. Nxf7+ {[%emt 0:02:26]} Ke7 {[%emt 0:00:19]} 19. Nxh8 {[%emt 0:00:18]} Rxh8 {[%emt 0:00:03]} 20. bxc3 {[%emt 0:00:12]} Rb8 {[%emt 0:00:09]} 21. Rhe1 {[%emt 0:01:03]} Nd5 {[%emt 0:00:11]} 22. Kc2 {[%emt 0:00:31]} Nb6 {[%emt 0:01:52]} 23. Rb1 {[%emt 0:02:12]} Rd8 {[%emt 0:00:33]} 24. h3 {[%emt 0:00:51]} Nbc4 {[%emt 0:00:11]} 25. Bxc4 {[%emt 0:00:27]} Nxc4 {[%emt 0:00:02]} 26. Rb7+ {[%emt 0:01:10]} Ke8 {[%emt 0:00:29]} 27. e7 {[%emt 0:02:51]} Rd2+ {[%emt 0:00:06]} 28. Kc1 {[%emt 0:00:13]} 1-0

[Event "CZE National Open 2020"]
[Site "Kouty nad Desnou"]
[Date "2020.03.07"]
[Round "1.9"]
[White "Bures, Lukas"]
[Black "Cerny, Michael"]
[Result "0-1"]
[WhiteElo "1048"]
[BlackElo "1513"]
[Annotator "NA RC"]
[PlyCount "76"]
[EventDate "2020.03.07"]
[EventCountry "CZE"]
[SourceTitle "playchess.com"]
[Source "ChessBase"]
[SourceQuality "1"]
[TimeControl "5400+30"]

1. e4 {[%emt 0:00:00]} c5 {[%emt 0:00:00]} 2. Nf3 {[%emt 0:00:00]} Nc6 {[%emt 0:00:00]} 3. d4 {[%emt 0:00:00]} cxd4 {[%emt 0:00:03]} 4. Nxd4 {[%emt 0:00:00]} g6 {[%emt 0:00:24]} 5. Nc3 {[%emt 0:00:00]} Bg7 {[%emt 0:00:27]} 6. Be3 {[%emt 0:00:08]} Nf6 {[%emt 0:00:15]} 7. f3 {[%emt 0:00:33]} O-O {[%emt 0:01:15]} 8. Qd2 {[%emt 0:03:47]} d5 {[%emt 0:01:19]} 9. O-O-O {[%emt 0:09:59]} e6 {[%emt 0:14:21]} 10. Bg5 {[%emt 0:05:13]} Qb6 {[%emt 0:02:26]} 11. Nxc6 {[%emt 0:07:25]} bxc6 {[%emt 0:00:07]} 12. g4 {[%emt 0:00:56]} a5 {[%emt 0:07:05]} 13. Bh6 {[%emt 0:02:49]} dxe4 {[%emt 0:02:02]} 14. Bxg7 {[%emt 0:02:28]} e3 {[%emt 0:00:19]} 15. Qg2 {[%emt 0:04:14]} Kxg7 {[%emt 0:00:15]} 16. h4 {[%emt 0:01:29]} Nd5 {[%emt 0:00:41]} 17. Nxd5 {[%emt 0:03:26]} exd5 {[%emt 0:00:10]} 18. Bd3 {[%emt 0:01:00]} a4 {[%emt 0:07:24]} 19. g5 {[%emt 0:01:16]} Be6 {[%emt 0:00:56]} 20. h5 {[%emt 0:00:53]} Rfb8 {[%emt 0:00:45]} 21. c3 {[%emt 0:00:34]} d4 {[%emt 0:02:09]} 22. Qh2 {[%emt 0:01:18]} dxc3 {[%emt 0:03:55]} 23. Qe5+ {[%emt 0:03:37]} Kf8 {[%emt 0:00:25]} 24. Qh8+ {[%emt 0:04:02]} Ke7 {[%emt 0:00:06]} 25. Qf6+ {[%emt 0:00:10]} Ke8 {[%emt 0:00:42]} 26. Qh8+ {[%emt 0:00:24]} Kd7 {[%emt 0:00:42]} 27. Qxc3 {[%emt 0:00:16]} Kc7 {[%emt 0:00:21]} 28. hxg6 {[%emt 0:00:58]} hxg6 {[%emt 0:00:53]} 29. Qe5+ {[%emt 0:01:29]} Kb7 {[%emt 0:01:06]} 30. Bxg6 {[%emt 0:01:24]} Ra5 {[%emt 0:03:10]} 31. Qf4 {[%emt 0:03:50]} fxg6 {[%emt 0:00:30]} 32. Rh7+ {[%emt 0:00:53]} Ka6 {[%emt 0:00:15]} 33. Qf6 {[%emt 0:02:33]} Bxa2 {[%emt 0:05:40]} 34. Rdd7 {[%emt 0:01:36]} Rc5+ {[%emt 0:01:40]} 35. Kd1 {[%emt 0:00:41]} Bb3+ {[%emt 0:06:57]} 36. Ke1 {[%emt 0:00:03]} Rc1+ {[%emt 0:00:26]} 37. Ke2 {[%emt 0:00:54]} Bc4+ {[%emt 0:00:40]} 38. Rd3 {[%emt 0:01:08]} Rc2+ {[%emt 0:00:51]} 0-1

[Event "CZE National Open 2020"]
[Site "Kouty nad Desnou"]
[Date "2020.03.08"]
[Round "2.1"]
[White "Slepankova, Radka"]
[Black "Holaskova, Veronika"]
[Result "1-0"]
[WhiteElo "1953"]
[BlackElo "1376"]
[Annotator "TA"]
[PlyCount "37"]
[EventDate "2020.03.07"]
[EventCountry "CZE"]
[SourceTitle "playchess.com"]
[Source "ChessBase"]
[SourceQuality "1"]

{[%evp 11,36,66,78,69,133,59,72,34,25,5,0,4,10,0,54,40,56,45,86,64,81,69,87,87,244,241,29999]} 1. c4 e5 2. Nc3 Nc6 3. g3 Bc5 4. Bg2 d6 5. e3 f5 6. Nge2 Nf6 7. d4 {A25: English Opening vs King's Indian with ...Nc6 but without early d3.} exd4 {[#]} (7... Bb6 $14) 8. Nxd4 $146 (8. exd4 $16 Bb6 9. b4) ({Predecessor:} 8. exd4 Bb4 9. O-O O-O 10. a3 Bxc3 11. Nxc3 Ne7 12. Re1 Kh8 13. d5 Ng6 14. f4 b6 {1-0 (73) Abrantes,T (2155)-Bastos Seixas,P (1860) Rio de Janeiro 2013}) 8... Ne5 $14 9. a3 {White is better.} c6 10. b4 (10. b3 {seems wilder.} O-O 11. Na4 a6 12. O-O Ba7 13. Qc2) 10... Bxd4 11. Qxd4 Be6 12. c5 $36 {[%mdl 2048] White is more active.} Nf7 (12... Nc4 $11) 13. O-O O-O 14. Rd1 {[%cal Rc5d6]} d5 15. Rb1 Qd7 16. a4 Rfe8 17. Bb2 Ng4 $2 {[#]} (17... a5 $16) 18. Nxd5 $1 $18 {[%mdl 512]} cxd5 $2 (18... Nge5 $18) 19. Qxg7# {Accuracy: White = 71%, Black = 43%.} 1-0